| 000 | 01462nam a2200229Ia 4500 | ||
|---|---|---|---|
| 003 | Ost | ||
| 005 | 20260507075038.0 | ||
| 008 | 260507s9999||||xx |||||||||||||| ||und|| | ||
| 020 | _a9775919592 | ||
| 040 | _cfsecg | ||
| 041 | _aara | ||
| 082 | _a330 | ||
| 100 |
_aالسيد، عاطف _eمؤلف |
||
| 245 | 0 |
_aالجات والعالم الثالث / _c عاطف السيد |
|
| 260 |
_aالقاهرة: _bمجموعة النيل العربية, _c2002 |
||
| 300 |
_a295 صفحة؛ _c24 سم |
||
| 504 | _aببلوغرافيا ص.293 | ||
| 520 | _aالجات وتحرير التجارة الدولية-منظمة التجارة العالمية-دخول السوق-اتفاقية التجارة في الخدمات-اجراءات الاستثمار المرتبطة بالتجارة-اتفاقية حقوق الملكية الفكرية المرتبطة بالتجارة-قواعد تنظيم التجارة الدولية-آثار الجات على الاقتصاد العالمي-آثار الجات على اقتصاديات الدول النامية-الأوضاع الاقتصادية والتجارة الخارجية للدول العربية-آثار الجات على اقتصاديات الدول العربية-آثار الجات على الاقتصاد المصري-آثار الجات على اقتصاديات بعض الدول العربية | ||
| 653 | _aالتجارة الخارجية | ||
| 653 | _aالجات | ||
| 942 | _cكتاب | ||
| 999 |
_c42481 _d42481 |
||